000
00276nam a22001217a 4500
020
_a
07-070096-6
082
_a
510 WIB'T
100
_a
WIBERG DONALD M
_9
77374
245
_a
STATE SPACE AND LINEAR SYSTEMS
260
_a
USA
_b
MCGRAW HILL
_c
1971
300
_a
237P
942
_c
BK
999
_c
582655
_d
582655